000 00329nam a2200145 i 4500
001 bg
100 1 _aSZABLOWSKI, Kazimierz
245 0 _aSprężarki wirowe /
_cK. Szablowski.
250 _aWyd.3.
260 _aWarszawa,
_c1970.
040 _cBPK
041 _apol
942 _cKS
008 s pl f |000 0 pol
999 _c10573
_d10573
856 _uhttp://koha.tu.koszalin.pl/cgi-bin/koha/opac-detail.pl?biblionumber=10573
_yKatalog online BPK